[Event "CRO-chT2b"]
[Site "Croatia"]
[Date "2009.03.15"]
[Round "6"]
[White "Vranar, Viktor"]
[Black "Kliska, Predrag"]
[Result "0-1"]
[WhiteElo "1896"]
[BlackElo "2128"]
[PlyCount "140"]
[EventDate "2009.03.01"]
[EventType "team-tourn"]
[EventRounds "11"]
[EventCountry "CRO"]
[SourceTitle "EXT 2010"]
[Source "ChessBase"]
[SourceDate "2010.11.25"]
[SourceVersion "1"]
[SourceVersionDate "2010.11.25"]
[SourceQuality "1"]

1. e4 Nf6 2. e5 Nd5 3. Nf3 c5 4. c4 Nc7 5. d4 cxd4 6. Nxd4 g6 7. Bd3 Bg7 8. Qe2 Nc6 9. Nxc6 dxc6 10. 0-0 Qd4 11. Re1 Bg4 12. Qe4 Qxe4 13. Bxe4 Be6 14. b3 0-0-0 15. f4 f6 16. Bb2 fxe5 17. fxe5 Rd7 18. Bc3 Rhd8 19. Na3 Bh6 20. Re2 Bg4 21. Bf3 Bxf3 22. gxf3 Ne6 23. Rf1 Rd3 24. Bb2 Rf8 25. Nc2 Rdxf3 26. Rxf3 Rxf3 27. Rf2 Rxf2 28. Kxf2 Bf4 29. h3 Kd7 30. Kf3 Bh6 31. Nd4 Nxd4+ 32. Bxd4 a6 33. a4 Ke6 34. Ke4 Bg7 35. b4 g5 36. b5 cxb5 37. cxb5 axb5 38. axb5 h6 39. Bc3 h5 40. Bd2 g4 41. hxg4 hxg4 42. Bf4 Bf8 43. Bg3 Bh6 44. Be1 Bc1 45. Bf2 Bb2 46. Bg3 Bc3 47. Bh2 Be1 48. Bf4 g3 49. Bg5 Bc3 50. Bf4 g2 51. Be3 Bxe5 52. Kf3 Kd5 53. Kxg2 Kc4 54. b6 Bd4 55. Bg5 e6 56. Bd8 Kb5 57. Kf3 Bxb6 58. Bf6 Kc4 59. Ke4 Bc7 60. Ke3 b5 61. Kd2 b4 62. Kc2 Bb6 63. Bg5 Bd4 64. Bd2 b3+ 65. Kb1 Kd3 66. Be1 e5 67. Bg3 e4 68. Bh4 e3 69. Bg5 e2 70. Bc1 b2 0-1

[Event "CRO-chT U16"]
[Site "Nasice"]
[Date "2008.12.27"]
[Round "1"]
[White "Vranar, Viktor"]
[Black "Dujic, Davor"]
[Result "0-1"]
[WhiteElo "1844"]
[BlackElo "1573"]
[PlyCount "58"]
[EventDate "2008.12.27"]
[EventType "team-tourn"]
[EventRounds "7"]
[EventCountry "CRO"]
[SourceTitle "CBM 128 Extra"]
[Source "ChessBase"]
[SourceDate "2009.03.05"]
[SourceVersion "2"]
[SourceVersionDate "2009.03.25"]
[SourceQuality "1"]

1. e4 c6 2. d4 d5 3. f3 e6 4. Nc3 Bb4 5. a3 Bxc3+ 6. bxc3 Ne7 7. e5 0-0 8. f4 a6 9. Nf3 b5 10. Bd3 Nd7 11. Bxh7+ Kxh7 12. Ng5+ Kg6 13. h4 Nf5 14. g4 Ng3 15. Qd3+ Ne4 16. Nxe4 dxe4 17. Qxe4+ f5 18. Qxc6 Nb6 19. gxf5+ Rxf5 20. Rg1+ Kf7 21. Bd2 Bd7 22. Qg2 Qxh4+ 23. Kd1 Rg8 24. c4 Nxc4 25. Qg6+ Ke7 26. Bb4+ Kd8 27. d5 Qxf4 28. dxe6 Nb2+ 29. Ke1 Qf2# 0-1

[Event "CRO-ch U17"]
[Site "Bjelolasica"]
[Date "2008.07.25"]
[Round "8"]
[White "Muskardin, Mario"]
[Black "Vranar, Viktor"]
[Result "1-0"]
[WhiteElo "2008"]
[BlackElo "1818"]
[PlyCount "45"]
[EventDate "2008.07.20"]
[EventType "swiss"]
[EventRounds "9"]
[EventCountry "CRO"]
[SourceTitle "CBM 125 Extra"]
[Source "ChessBase"]
[SourceDate "2008.09.01"]
[SourceVersion "1"]
[SourceVersionDate "2008.09.01"]
[SourceQuality "1"]

1. e4 c5 2. Nf3 g6 3. d4 cxd4 4. Nxd4 Nc6 5. Nc3 Bg7 6. Be3 Nf6 7. Bc4 0-0 8. Bb3 a5 9. f3 d5 10. Bxd5 Nxd5 11. exd5 Nb4 12. Nde2 e6 13. a3 Nxd5 14. Nxd5 exd5 15. Bd4 Qg5 16. Bxg7 Kxg7 17. Qd4+ Kg8 18. 0-0 Be6 19. f4 Qf5 20. Ng3 Qxc2 21. f5 Bxf5 22. Rac1 Qb3 23. Rc3 1-0

[Event "CRO-ch U17"]
[Site "Bjelolasica"]
[Date "2008.07.22"]
[Round "4"]
[White "Bjelicic, Jan"]
[Black "Vranar, Viktor"]
[Result "1/2-1/2"]
[WhiteElo "2073"]
[BlackElo "1818"]
[PlyCount "83"]
[EventDate "2008.07.20"]
[EventType "swiss"]
[EventRounds "9"]
[EventCountry "CRO"]
[SourceTitle "CBM 125 Extra"]
[Source "ChessBase"]
[SourceDate "2008.09.01"]
[SourceVersion "1"]
[SourceVersionDate "2008.09.01"]
[SourceQuality "1"]

1. e4 c5 2. Nf3 g6 3. d4 cxd4 4. Nxd4 Nf6 5. Nc3 d6 6. Be2 Bg7 7. Be3 Nc6 8. Qd2 d5 9. exd5 Nxd5 10. Nxc6 bxc6 11. Nxd5 Qxd5 12. Qxd5 cxd5 13. 0-0-0 e6 14. Bc5 a5 15. c3 Ba6 16. Rhe1 Bxe2 17. Rxe2 Kd7 18. Kc2 Kc6 19. Bd4 Bxd4 20. Rxd4 Rad8 21. b4 axb4 22. cxb4 Rc8 23. Kb3 Kb6 24. Rdd2 Rc4 25. Rc2 Rhc8 26. Rxc4 Rxc4 27. Ka4 Rc3 28. a3 h6 29. h4 Rc4 30. g3 Rc3 31. Re3 Rxe3 32. fxe3 f5 33. b5 g5 34. hxg5 hxg5 35. Kb4 e5 36. a4 f4 37. a5+ Kb7 38. exf4 exf4 39. gxf4 gxf4 40. Kc3 f3 41. Kd3 d4 42. Kd2 1/2-1/2

[Event "CRO-ch U15 16th"]
[Site "Sibenik"]
[Date "2007.08.31"]
[Round "8"]
[White "Filipovic, Ivan"]
[Black "Vranar, Viktor"]
[Result "0-1"]
[WhiteElo "1983"]
[BlackElo "1729"]
[PlyCount "66"]
[EventDate "2007.08.27"]
[EventType "swiss"]
[EventRounds "9"]
[EventCountry "CRO"]
[SourceTitle "CBM 120 Extra"]
[Source "ChessBase"]
[SourceDate "2007.11.01"]
[SourceVersion "1"]
[SourceVersionDate "2007.11.01"]
[SourceQuality "1"]

1. e4 c5 2. Nf3 g6 3. Nc3 Nc6 4. d4 cxd4 5. Nxd4 Bg7 6. Be3 Nf6 7. f3 0-0 8. Qd2 a5 9. 0-0-0 d6 10. g4 Re8 11. h4 h5 12. g5 Nd7 13. f4 Nf8 14. Ndb5 Be6 15. Qf2 Qd7 16. Na4 Bg4 17. Nb6 Qe6 18. Nxa8 Qxa2 19. Be2 Qxb2+ 20. Kd2 Qb4+ 21. c3 Qb2+ 22. Ke1 Rxa8 23. c4 Bd7 24. f5 a4 25. fxg6 fxg6 26. Nc7 Rc8 27. Nb5 a3 28. Rd2 a2 29. Rxb2 a1Q+ 30. Bd1 Qxb2 31. Qxb2 Bxb2 32. Bb3 Kg7 33. Rf1 Ne5 0-1